Principles of cost accounting (Record no. 387856)

MARC details
000 -LEADER
fixed length control field 00571nam a2200205Ia 4500
008 - FIXED-LENGTH DATA ELEMENTS--GENERAL INFORMATION
fixed length control field 191130s2009##################000#0#eng##
020 ## - INTERNATIONAL STANDARD BOOK NUMBER
ISBN 9780840037039
082 ## - DEWEY DECIMAL CLASSIFICATION NUMBER
Classification number 657.42 VAN
100 ## - MAIN ENTRY--AUTHOR NAME
Personal name VanDerbeck, Edward J
245 ## - TITLE STATEMENT
Title Principles of cost accounting
Statement of responsibility, etc Edward J. VanDerbeck
250 ## - EDITION STATEMENT
Edition statement 15th ed
260 ## - PUBLICATION, DISTRIBUTION, ETC. (IMPRINT)
Place of publication Boston, MA
Name of publisher Cengage Learning
Year of publication 2009
300 ## - PHYSICAL DESCRIPTION
Number of Pages xviii, 548 p. : ill. ; 26 cm
650 ## - SUBJECT ADDED ENTRY--TOPICAL TERM
Topical Term Cost accounting
991 ## -
-- 379208

No items available.

Find us on the map